000 00306nam a22001337a 4500
008 170821b xxu||||| |||| 00| 0 eng d
020 _a9780321593238
041 _aeng
080 _a51
100 _a51
101 _aMAT
245 _aINTERMEDIATE ALGEBRA DO HTE MATH
_cSULLIVAN.M
942 _2udc
_cBK
999 _c24306
_d24306